000 00663nam a2200205Ia 4500
005 20260121110149.0
008 008 260114s9999 xx 000 0 hin d
020 _a9788132387565
037 _aEBOOK
040 _aCRL
_bhin
_cCRL
041 _ahin
_2hin
084 _qCRL
100 _aकरतार महादेवन / Kartaar Mahadevan
_9942828
245 0 _aपारिस्थितिकी का सार / Paristhitiki ka saar
260 _bभाषा प्रकाशन / Bhasha Prakashan
_c2023
856 _uhttps://bhashaprakashan.com/product-details/436780
942 _cEBOOK
999 _c1534493
_d1534493